| 000 | 00551nam a22002177a 4500 | ||
|---|---|---|---|
| 005 | 20170124110113.0 | ||
| 010 | _a821498 | ||
| 020 |
_c00.00 _a0340185414 |
||
| 035 | _a821498 | ||
| 037 | _bCen Lib/Ret | ||
| 040 |
_aDPL _bEN |
||
| 082 |
_aN _bBRA |
||
| 100 |
_aBradford, Richard _929456 |
||
| 245 |
_aSo far from heaven / _cby Richard Bradford |
||
| 260 |
_bHodder and Stoughton _aLondon _c1973 |
||
| 270 | _bLondon | ||
| 300 |
_a273p. _c19cm(Hb) |
||
| 650 |
_aLiterature _96262 |
||
| 650 |
_aNovels _913976 |
||
| 942 |
_2ddc _cEN _hN _mBRA |
||
| 999 |
_c130537 _d130537 |
||